| 000 | 00881akm a2200349a 44500 | ||
|---|---|---|---|
| 008 | 960109s1985 cat | ||
| 041 | _acat | ||
| 080 | _a633.11(038) | ||
| 100 |
_aRamis i Puigròs, Andreu _964834 |
||
| 245 | _aLa producció dels cereals: El llarg camí del blat | ||
| 245 | _cAndreu Ramis Puigròs | ||
| 245 | _h[cartell] | ||
| 260 | _a[Pollença] | ||
| 260 | _bMuseu Municipal de Pollença | ||
| 260 | _c1985 | ||
| 300 | _bil. | ||
| 490 |
_aEtnogràfica; _v2 |
||
| 520 | _a10 | ||
| 546 | _acatalà | ||
| 591 | _a2800 | ||
| 592 | _aObra terminològica | ||
| 593 | _aFF | ||
| 594 | _a2800 | ||
| 650 |
_aconreus _960803 |
||
| 700 |
_aBonín, B. _964836 |
||
| 830 |
_aEtnogràfica; _v2 _964835 |
||
| 901 | _c<1985> | ||
| 902 | _a960109 | ||
| 942 |
_cMO _n0 |
||
| 999 |
_c54005 _d54005 |
||